000
00276nam a2200109Ia 4500
008
220204s9999 xx 000 0 und d
082
_a
543.061
_b
REE
100
_a
Reedy, J H
245
0
_a
Theoretical qualitative analysis
260
_a
New york
_b
McGraw Hill
_c
1938
942
_c
BK
999
_c
19369
_d
19369